Los satélites de Rusia en Europa / (Record no. 72715)

MARC details
000 -LEADER
campo de control de longitud fija 00495nam a2200157 i 4500
001 - NÚMERO DE CONTROL
campo de control 72715
003 - IDENTIFICADOR DE NÚMERO DE CONTROL
campo de control ES-MaACL
007 - CAMPO FIJO DE DESCRIPCIÓN FÍSICA--INFORMACIÓN GENERAL
campo de control de longitud fija t|
008 - DATOS DE LONGITUD FIJA--INFORMACIÓN GENERAL
campo de control de longitud fija 040902s1955 sp ||||1| spa d
100 1# - ENTRADA PRINCIPAL--NOMBRE DE PERSONA
Nombre de persona Gluckstein, Ygael.
9 (RLIN) 57461
245 14 - MENCIÓN DEL TÍTULO
Título Los satélites de Rusia en Europa /
Mención de responsabilidad, etc. Ygael Gluckstein ; [traducido al español por Pedro García Ferrero].
260 ## - PUBLICACIÓN, DISTRIBUCIÓN, ETC.
Lugar de publicación, distribución, etc. Madrid :
Nombre del editor, distribuidor, etc. Artola,
Fecha de publicación, distribución, etc. 1955.
300 ## - DESCRIPCIÓN FÍSICA
Extensión 341 p. ;
Dimensiones 22 cm.
700 1# - ENTRADA AGREGADA--NOMBRE PERSONAL
Nombre de persona García Ferrero, Pedro.
9 (RLIN) 54614
852 ## - LOCALIZACIÓN
Ubicación ES-MaACL
Número de control de estantería C-9550
Sublocalización o colección R.37394
Holdings
Estatus retirado Estado de pérdida Estado de daño No para préstamo Biblioteca de origen Biblioteca actual Ubicación en estantería Fecha de adquisición Fuente de adquisición Total de préstamos Signatura topográfica completa Código de barras Visto por última vez Precio de reemplazo Tipo de ítem Koha
        Biblioteca del Ateneo de Madrid Biblioteca del Ateneo de Madrid Sala Palomar 17/01/2008     C-9550 1076120 23/02/2023 23/02/2023 Libro impreso